Sports Quiz

Random Sports or Letter Quiz

NHL Top 10 Career Goal Scorers (A-Z) Quiz Stats

Quiz Updated Mar 26, 2015

Challenge
Share
Tweet
Embed
Score 0/234 Timer 20:00
8 Plays Today
Letter Player % Correct
GWayne Gretzky
95.1%
HGordie Howe
85.9%
HBrett Hull
84.2%
HBobby Hull
84.2%
LMario Lemieux
83.5%
LClaude Lemieux
83.2%
JJaromir Jagr
82.8%
MMark Messier
80.7%
YSteve Yzerman
80.1%
OAlex Ovechkin
76.5%
CSidney Crosby
76.4%
IJarome Iginla
74.7%
RMaurice Richard
74.2%
RHenri Richard
74.2%
OBobby Orr
73.8%
EPhil Esposito
72.9%
KJari Kurri
72%
SJoe Sakic
71.4%
STeemu Selanne
71%
BMike Bossy
70.1%
AGlenn Anderson
67.5%
AJohn Anderson
67.4%
MMike Modano
67.3%
DMarcel Dionne
67%
BPavel Bure
66.2%
SMats Sundin
65.6%
LGuy Lafleur
64.7%
RLuc Robitaille
64.5%
FRon Francis
64.3%
ADave Andreychuk
63.7%
CPaul Coffey
63.5%
BRaymond Bourque
63.2%
FSergei Fedorov
61.8%
FPeter Forsberg
61.7%
CWendel Clark
61.5%
SBrendan Shanahan
60.8%
TBryan Trottier
60.5%
KPaul Kariya
58.8%
GMike Gartner
58.8%
ADaniel Alfredsson
58.8%
RJeremy Roenick
58.5%
CBobby Clarke
58.3%
HDale Hawerchuk
57.9%
SMartin St. Louis
57.9%
OAdam Oates
57.8%
RMark Recchi
57.3%
KIlya Kovalchuk
56.8%
MStan Mikita
56.7%
JMark Johnson
56.1%
JGreg Johnson
56.1%
TJoe Thornton
56%
LPat LaFontaine
55.1%
CDino Ciccarelli
55%
BJean Beliveau
54.9%
TKeith Tkachuk
54.4%
NJoe Nieuwendyk
54.2%
MAlexander Mogilny
52.9%
NMarkus Naslund
52.9%
SDenis Savard
52.8%
ZHenrik Zetterberg
52.6%
BPeter Bondra
52.5%
FTheoren Fleury
52.5%
EPatrik Elias
52.2%
NMats Naslund
52.1%
GDoug Gilmour
51.1%
BJohn Bucyk
51%
PGilbert Perreault
50.7%
MLanny McDonald
50.4%
LJohn LeClair
50.4%
SPeter Stastny
50.2%
HMarian Hossa
50.1%
TPierre Turgeon
49.4%
NCam Neely
49.3%
HDany Heatley
49.3%
KAlex Kovalev
48.2%
WJustin Williams
47.2%
ATony Amonte
47.1%
LVincent Lecavalier
47%
Letter Player % Correct
PCorey Perry
46.8%
PDenis Potvin
46.2%
SDarryl Sittler
46.2%
JJussi Jokinen
45.8%
VPat Verbeek
45.8%
GMichel Goulet
45.4%
RGary Roberts
45%
MPatrick Marleau
44.9%
QDan Quinn
44.9%
NOwen Nolan
44.7%
BRod Brind'Amour
44.5%
MJoe Mullen
44.2%
NBernie Nicholls
43.1%
DAlex Delvecchio
43%
HMilan Hejduk
43%
NRick Nash
42.9%
WTiger Williams
42.5%
MFrank Mahovlich
42.3%
YAlexei Yashin
41.6%
BBrian Bellows
41.5%
UNorm Ullman
41.1%
LSteve Larmer
40.6%
BBill Barber
40.5%
DVincent Damphousse
40.4%
TDave Taylor
39.8%
SSteve Shutt
39.8%
AJason Arnott
39.7%
GMarian Gaborik
39.6%
YScott Young
39.5%
YTim Young
39.5%
FBernie Federko
39.5%
DShane Doan
39.5%
TSteve Thomas
39.2%
YWarren Young
39%
WDoug Weight
38.6%
LTed Lindsay
38.6%
WDoug Wilson
38.5%
RJean Ratelle
38.4%
GRod Gilbert
38.2%
JOlli Jokinen
37.8%
CYvan Cournoyer
37.5%
GBernie Geoffrion
37%
HPhil Housley
37%
VRick Vaive
36.8%
DPavel Datsyuk
36.6%
PZiggy Palffy
36.5%
LReggie Leach
36.4%
GBill Guerin
35.9%
JBusher Jackson
35.9%
ZSergei Zubov
35.9%
WRay Whitney
35.6%
KTim Kerr
35.3%
TRick Tocchet
35.1%
PBrian Propp
34.8%
IAl Iafrate
34.1%
UGarry Unger
33.5%
ZAlex Zhamnov
33.5%
MRick Middleton
32.9%
KVyacheslav Kozlov
32.6%
KDave Keon
32.6%
MJohn MacLean
32%
OJohn Ogrodnick
31.9%
CRuss Courtnall
31%
CGeoff Courtnall
30.9%
RStephane Richer
30.8%
AGreg Adams
30.4%
TAlex Tanguay
30.3%
DPavol Demitra
30.3%
VThomas Vanek
30.1%
GButch Goring
29.6%
HKen Hodge
28.7%
FRay Ferraro
28.7%
NKent Nilsson
27.5%
GDanny Gare
27.4%
DKevin Dineen
27.4%
ZPeter Zezel
27.1%
STomas Sandstrom
27%
QJoel Quenneville
26.9%
Letter Player % Correct
QStephane Quintal
26.8%
ERon Ellis
26.6%
NPetr Nedved
26%
JCraig Janney
25.9%
HBobby Holik
25.7%
AGeorge Armstrong
25.6%
PJean Pronovost
25.5%
LPierre Larouche
25.3%
TJohn Tonelli
25%
JJoe Juneau
24.9%
UR.J. Umberger
24.6%
KRick Kehoe
24.5%
OEd Olczyk
24.3%
OTerry O'Reilly
24.1%
CBob Carpenter
24.1%
KPetr Klima
23.9%
KRed Kelly
23.9%
FMike Foligno
23.5%
OJeff O'Neill
23.1%
RCliff Ronning
21.6%
ELoui Eriksson
21.5%
TTony Tanti
21.5%
ZDainius Zubrus
20.7%
EMartin Erat
19.6%
RBrian Rolston
19.5%
CDave Christian
19.4%
QBill Quackenbush
19.3%
ZRichard Zednik
18.9%
FMike Fisher
18.9%
YPaul Ysebaert
18.5%
ZTravis Zajac
18.4%
PWilf Paiement
18.3%
ZRob Zamuner
18.1%
OJoel Otto
18%
VLubomir Visnovsky
17.9%
ENelson Emerson
17.5%
ZNikolai Zherdev
17.3%
IBrad Isbister
17.3%
ADonald Audette
17%
DUlf Dahlen
16.7%
PDean Prentice
16.5%
ZValeri Zelepukin
16.4%
BIvan Boldirev
16.3%
DRon Duguay
16.1%
VSteve Vickers
15.8%
FJeff Friesen
15.4%
UScottie Upshall
15.2%
YStephane Yelle
15.1%
WHarry Watson
15.1%
WRyan Walter
15%
VRadim Vrbata
15%
EDave Ellett
14.7%
JAurele Joliat
14.5%
ABrent Ashton
14.3%
YMike York
14.2%
VAntoine Vermette
13.6%
DDick Duff
13.3%
VCarol Vadnais
13.2%
EBob Errey
12.9%
PBob Pulford
12.8%
NBob Nevin
12.5%
YTerry Yake
12.2%
ITed Irvine
12%
OMurray Oliver
12%
PJim Pappin
11.9%
VEric Vail
11.7%
JDoug Jarvis
11.4%
FTom Fergus
11.3%
EDean Evason
11%
EPat Elynuik
10.1%
IPeter Ihnacak
10%
WKenny Wharram
9.9%
OMark Osborne
9.8%
IEarl Ingarfield
9.7%
WEd Westfall
9.6%
YVitali Yachmenev
9.3%
WMike Walton
9%
VDennis Ververgaert
8.9%

You're not logged in!

Compare scores with friends on all Sporcle quizzes.
Sign Up with Email
OR
Log In

You Might Also Like...

Show Comments

Extras

Top Quizzes Today


Score Distribution

Your Account Isn't Verified!

In order to create a playlist on Sporcle, you need to verify the email address you used during registration. Go to your Sporcle Settings to finish the process.